000 004650000a22001810004500
003 MACL
005 20150714144306.0
008 150714b xxu||||| |||| 00| 0 eng d
040 _aMACL
_cMACL
041 _aEnglish
082 _a324
100 _aLok Sabha
_91162
245 _aInto the Third Millennium
_bA Speaker's Perspedtives
260 _bLok Sabha Secretariat
_c1998
_aNew Delhi
350 _a800
650 _aPolitical science
_988
942 _cBK
_k324
_2ddc
999 _c1978
_d1978